La lógica de la historia
Guardat en:
| Autor principal: | |
|---|---|
| Format: | Llibre |
| Idioma: | espanyol |
| Publicat: |
Ciudad de México
Siglo Veintiuno
1970
|
| Matèries: | |
| Etiquetes: |
Afegir etiqueta
Sense etiquetes, Sigues el primer a etiquetar aquest registre!
|
MARC
| LEADER | 00000nam a2200000 a 4500 | ||
|---|---|---|---|
| 001 | UCQ7139 | ||
| 003 | CL-VaPUC | ||
| 008 | 981031e19700000MX |||||||||||||||||spa|d | ||
| 082 | 0 | 4 | |a 901 |b MOR |2 21 |
| 100 | |a Morazé, Charles |e autor |9 441483 | ||
| 245 | 1 | 3 | |a La lógica de la historia |
| 300 | |a 213 p | ||
| 942 | |c BK | ||
| 945 | |d 19981031 00:00:00 |a crobeson | ||
| 260 | |a Ciudad de México |b Siglo Veintiuno |c 1970 | ||
| 650 | 0 | |a Teoría de la historia |9 317951 | |
| 650 | 0 | |a Historia |9 255047 | |
| 650 | 0 | |a Historiografía |9 257871 | |
| 583 | |a last modification |c 19981031 00:00:00 |k Rodrigo Vera | ||
| 999 | |c 276900 |d 276898 | ||
| 952 | |0 0 |1 0 |4 0 |6 901_000000000000000_MOR_1970 |7 0 |8 A |9 314503 |a BIBEDU |b BIBEDU |d 2019-11-20 |i 1486845 |o 901 MOR 1970 |p 1486845 |r 2019-11-20 |w 2019-11-20 |y BK |k LIT | ||